Statistics for Maya Hawke - To Love A Boy (Lyrics)

Click here to take the quiz!

General Stats

  • This quiz has been taken 36 times
  • The average score is 148 of 164

Answer Stats

Answer% Correct
A
100%
a
100%
boy
100%
I
100%
love
100%
the
100%
The
100%
To
100%
to
100%
have
94%
is
94%
not
94%
ocean
94%
afraid
89%
all
89%
always
89%
am
89%
behave
89%
but
89%
But
89%
contain
89%
emotion
89%
feeling
89%
I'll
89%
I'm
89%
know
89%
Like
89%
must
89%
my
89%
never
89%
Of
89%
terrible
89%
That
89%
that's
89%
want
89%
was
89%
way
89%
wish
89%
Wish
89%
you
89%
And
83%
born
83%
broken
83%
can
83%
die
83%
empty
83%
fear
83%
hidden
83%
hold
83%
hoping
83%
made
83%
open
83%
space
83%
still
83%
try
83%
why
83%
yesterday
83%
ask
78%
better
78%
cave
78%
could
78%
encroaching
78%
it
78%
It's
78%
laugh
78%
more
78%
One
78%
than
78%
wet,
78%
who
78%
lie
72%
man
72%
me
72%
nobody
72%
soaking
72%
Someone
72%
someone
72%
speak
72%
had
67%
told
67%
thought
61%

Score Distribution

Percentile by Number Answered

Percent of People with Each Score

Your Score History

You have not taken this quiz